2025-2026 German Football Teams - Statistics

General Stats
  • This quiz has been taken 1,619 times
    429 since last reset
  • The average score is 36 of 56
Answer Stats
Answer % Correct
FC Bayern Munich
100%
Borussia Dortmund
99%
Bayer 04 Leverkusen
94%
Hamburger SV
93%
1. FC Köln
92%
Eintracht Frankfurt
91%
1. FC Union Berlin
90%
RB Leipzig
90%
VfB Stuttgart
90%
Borussia Mönchengladbach
89%
FC Schalke 04
89%
VfL Wolfsburg
89%
TSG 1899 Hoffenheim
87%
Werder Bremen
87%
FC Augsburg
84%
FC St. Pauli
84%
Hertha BSC Berlin
84%
1. FC Heidenheim
83%
1. FSV Mainz 05
81%
SC Freiburg
81%
Hannover 96
79%
1. FC Nürnberg
75%
SG Dynamo Dresden
74%
Holstein Kiel
72%
Fortuna Düsseldorf
71%
1. FC Kaiserslautern
69%
SpVgg Greuther Fürth
66%
DSC Arminia Bielefeld
64%
FC Hansa Rostock
63%
VfL Bochum
63%
TSV 1860 München
62%
Darmstadt 98
60%
Alemannia Aachen
57%
Eintracht Braunschweig
56%
Karlsruher SC
56%
SC Paderborn 07
55%
SV 07 Elversberg
54%
1. FC Magdeburg
53%
1. FC Saarbrücken
53%
Rot-Weiss Essen
53%
MSV Duisburg
51%
SC Preußen Münster
49%
FC Ingolstadt 04
48%
SSV Ulm 1846
47%
VfL Osnabrück
44%
FC Energie Cottbus
43%
SV Waldhof Mannheim
43%
FC Erzgebirge Aue
38%
SV Wehen Wiesbaden
37%
TSG 1899 Hoffenheim II
37%
VfB Stuttgart II
35%
FC Viktoria Köln
31%
SC Verl
31%
SSV Jahn Regensburg
30%
1. FC Schweinfurt
26%
TSV Havelse
23%
No matching quizzes found
Score Distribution
Percent of People with Each Score
Percentile by Number Answered
Your Score History
You have not taken this quiz since the last reset